Mastering C programs (Record no. 121494)

MARC details
000 -LEADER
fixed length control field 00347nam a2200145Ia 4500
008 - FIXED-LENGTH DATA ELEMENTS--GENERAL INFORMATION
fixed length control field 230917s9999||||xx |||||||||||||| ||und||
040 ## - CATALOGING SOURCE
-- 105966
Original cataloging agency VIVEKANANDA LIBRARY
041 ## - Language
-- English
082 ## - DDC NUMBER
Classification number 005.133 D642M
100 ## - MAIN ENTRY--PERSONAL NAME
Personal name Dixit, J B
245 #0 - TITLE STATEMENT
Title Mastering C programs
260 ## - PUBLICATION, DISTRIBUTION, ETC. (IMPRINT)
Place of publication, distribution, etc New Delhi
Name of publisher, distributor, etc Firewall media
Date of publication, distribution, etc 2005
300 ## - PHYSICAL DESCRIPTION
Pages 434 p.
942 ## - ADDED ENTRY ELEMENTS (KOHA)
Koha item type Books
Holdings
Withdrawn status Lost status Damaged status Not for loan Location (home branch) Sublocation or collection (holding branch) Date acquired Koha issues (times borrowed) Koha full call number Accession No. Koha date last seen Koha item type
        VIVEKANANDA LIBRARY VIVEKANANDA LIBRARY 16/03/2005   005.133 D642M 214916 17/09/2023 Books
        VIVEKANANDA LIBRARY VIVEKANANDA LIBRARY 16/03/2005 1 005.133 D642M 214917 02/12/2025 Books
        VIVEKANANDA LIBRARY VIVEKANANDA LIBRARY 16/03/2005   005.133 D642M 214918 17/09/2023 Books
        VIVEKANANDA LIBRARY VIVEKANANDA LIBRARY 16/03/2005 4 005.133 D642M 214919 31/12/2025 Books
        VIVEKANANDA LIBRARY VIVEKANANDA LIBRARY 16/03/2005   005.133 D642M 214920 17/09/2023 Books
        VIVEKANANDA LIBRARY VIVEKANANDA LIBRARY 16/03/2005   005.133 D642M 235585 17/09/2023 Books
© Designed and Maintained by Vivekananda Library, MDU Rohtak